Discurso sobre la educación popular de los artesanos, y su fomento. (Record no. 163747)
[ view plain ]
| 000 -LEADER | |
|---|---|
| campo de control de longitud fija | 01213nam a2200253 i 4500 |
| 001 - NÚMERO DE CONTROL | |
| campo de control | 163747 |
| 003 - IDENTIFICADOR DE NÚMERO DE CONTROL | |
| campo de control | ES-MaACL |
| 005 - FECHA Y HORA DE LA ÚLTIMA TRANSACCIÓN | |
| campo de control | 20251012063057.0 |
| 008 - DATOS DE LONGITUD FIJA--INFORMACIÓN GENERAL | |
| campo de control de longitud fija | 931025s1775 sp |||| | spa d |
| 100 1# - ENTRADA PRINCIPAL--NOMBRE DE PERSONA | |
| Nombre de persona | Rodríguez Campomanes, Pedro, |
| Fechas asociadas al nombre | 1723-1803 |
| 9 (RLIN) | 98399 |
| 245 10 - MENCIÓN DEL TÍTULO | |
| Título | Discurso sobre la educación popular de los artesanos, y su fomento. |
| 260 ## - PUBLICACIÓN, DISTRIBUCIÓN, ETC. | |
| Lugar de publicación, distribución, etc. | En Madrid : |
| Nombre del editor, distribuidor, etc. | en la Imprenta de D. Antonio de Sancha, |
| Fecha de publicación, distribución, etc. | 1775. |
| 300 ## - DESCRIPCIÓN FÍSICA | |
| Extensión | [24], 475 p. ; |
| Dimensiones | 8º. |
| 530 ## - NOTA DISPONIBLE DE FORMULARIO FÍSICO ADICIONAL | |
| Nota de formato físico adicional disponible | Disponible en formato digital. |
| 594 ## - Nota al título y mención de responsabilidad | |
| Nota al título y mención de responsabilidad | Encabezamiento tomado de Palau, XVII, 253. |
| 595 ## - | |
| -- | Existen al menos 2 ediciones del mismo año; una con fe de erratas y signaturas tipográficas en cursiva, y otra sin fe de erratas y sign. tip. en letra redonda, además de otras pequeñas diferencias tipográficas y de composición. |
| 597 ## - NOTA DE DESCRIPCIÓN FÍSICA | |
| NOTA DE DESCRIPCIÓN FÍSICA | Sign.: *8, 2*4, a-z8, 2a-2f8, 2g6. |
| 650 #4 - PUNTO DE ACCESO ADICIONAL DE MATERIA--TÉRMINO DE MATERIA | |
| Término de materia o nombre geográfico como elemento de entrada | Artesanos- |
| Subdivisión geográfica | España. |
| 9 (RLIN) | 154569 |
| 650 #4 - PUNTO DE ACCESO ADICIONAL DE MATERIA--TÉRMINO DE MATERIA | |
| Término de materia o nombre geográfico como elemento de entrada | Gremios- |
| Subdivisión geográfica | España. |
| 9 (RLIN) | 156366 |
| 650 #4 - PUNTO DE ACCESO ADICIONAL DE MATERIA--TÉRMINO DE MATERIA | |
| Término de materia o nombre geográfico como elemento de entrada | Comercio- |
| Subdivisión geográfica | España- |
| Subdivisión cronológica | S.XVIII. |
| 9 (RLIN) | 154570 |
| 852 ## - LOCALIZACIÓN | |
| Ubicación | ES-MaACL |
| Número de control de estantería | R-523 |
| Nota libre | - Enc. pasta |
| Encuadernación | - Olim: G-498-502 |
| 856 ## - LOCALIZACIÓN Y ACCESO ELECTRÓNICOS | |
| Identificador Uniforme de Recursos | <a href="http://bdh-rd.bne.es/viewer.vm?id=0000045936&page=1 ">http://bdh-rd.bne.es/viewer.vm?id=0000045936&page=1 </a> |
| Nota pública | Biblioteca Digital Hispánica |
| -- | (5 v.) |
| Estatus retirado | Estado de pérdida | Estado de daño | No para préstamo | Colección | Biblioteca de origen | Biblioteca actual | Ubicación en estantería | Fecha de adquisición | Total de préstamos | Signatura topográfica completa | Código de barras | Visto por última vez | Precio de reemplazo | Tipo de ítem Koha |
|---|---|---|---|---|---|---|---|---|---|---|---|---|---|---|
| Colección digital | Biblioteca del Ateneo de Madrid | Biblioteca del Ateneo de Madrid | Depósito | 17/01/2008 | R-523-27 | 1171601 | 23/02/2023 | 23/02/2023 | Libro impreso antiguo |
